[Event "Nakhchivan Open"]
[Site "Nakhchivan AZE"]
[Date "2011.04.28"]
[Round "6"]
[White "Ipatov,A ESP"]
[Black "Shanava,K"]
[Result "1-0"]
[WhiteElo "2514"]
[BlackElo "2560"]
[EventDate "2011.04.23"]

1. d4 d6 2. Nf3 f5 3. g3 Nf6 4. Bg2 g6 5. O-O Bg7 6. c4 O-O 7. Nc3 c6 8. d5
Bd7 9. Rb1 a5 10. Ne1 Na6 11. Nd3 e5 12. dxe6 Bxe6 13. b3 Re8 14. Bb2 Bf7
15. e3 Qc7 16. h4 Rad8 17. Ne2 Rd7 18. Qc2 d5 19. cxd5 Nxd5 20. Bxg7 Kxg7
21. Rfd1 Kg8 22. Ndf4 Nab4 23. Qb2 Red8 24. Bf3 Nxf4 25. Nxf4 Nd3 26. Nxd3
Rxd3 27. Rxd3 Rxd3 28. h5 gxh5 29. Qe2 Qd7 30. Bxh5 Bxh5 31. Qxh5 Rd2 32.
Re1 Rxa2 33. Qg5+ Kh8 34. Qf6+ Kg8 35. Qg5+ Kh8 36. Qf6+ Kg8 37. e4 Rd2 38.
Qg5+ Kh8 39. e5 Rd1 40. Rxd1 Qxd1+ 41. Kh2 Qf3 42. Kg1 Qd1+ 43. Kh2 Qf3 44.
Qd8+ Kg7 45. Kg1 h5 46. e6 h4 47. Qg5+ Kh7 48. Qe7+ Kg6 49. Qf7+ Kh6 50.
Qf8+ Kh7 51. Qf7+ Kh6 52. Qf6+ Kh7 53. Qxh4+ Kg6 54. Qd8 Qe4 55. e7 1-0

[Event "Nakhchivan Open"]
[Site "Nakhchivan AZE"]
[Date "2011.04.28"]
[Round "6"]
[White "Landa,K"]
[Black "Turov,M"]
[Result "1/2-1/2"]
[WhiteElo "2609"]
[BlackElo "2635"]
[EventDate "2011.04.23"]

1. d4 Nf6 2. c4 e6 3. Nc3 Bb4 4. Qc2 d5 5. a3 Bxc3+ 6. Qxc3 Ne4 7. Qc2 c5
8. dxc5 Nc6 9. cxd5 exd5 10. Nf3 Bf5 11. b4 O-O 12. Qb2 d4 13. b5 Qa5+ 14.
Bd2 Nxd2 15. Nxd2 Qc3 16. Qxc3 dxc3 17. bxc6 cxd2+ 18. Kxd2 Rfd8+ 19. Ke3
bxc6 20. Kf4 Be6 21. e4 Rab8 22. f3 Rd2 23. h4 Kf8 24. Rg1 Rc2 25. Ba6 Rxc5
26. Rgc1 Rxc1 27. Rxc1 Rb6 28. Bc4 Ke7 29. Bxe6 Kxe6 30. h5 1/2-1/2

[Event "Nakhchivan Open"]
[Site "Nakhchivan AZE"]
[Date "2011.04.28"]
[Round "6"]
[White "Abbasov,F"]
[Black "Benidze,D"]
[Result "1/2-1/2"]
[WhiteElo "2543"]
[BlackElo "2503"]
[EventDate "2011.04.23"]

1. Nf3 Nf6 2. c4 c6 3. d4 d5 4. Qb3 dxc4 5. Qxc4 Bg4 6. Nbd2 Nbd7 7. g3 Qa5
8. Bg2 e6 9. O-O Be7 10. Qb3 Qa6 11. Re1 O-O 12. h3 Bh5 13. e4 Rfd8 14. g4
Bg6 15. Nh4 Nf8 16. f4 Bxe4 17. g5 Bxg2 18. gxf6 Bxf6 19. Nxg2 Bxd4+ 20.
Kh2 Bf2 1/2-1/2

[Event "Nakhchivan Open"]
[Site "Nakhchivan AZE"]
[Date "2011.04.28"]
[Round "6"]
[White "Filippov,An UZB"]
[Black "Guliev,L"]
[Result "0-1"]
[WhiteElo "2604"]
[BlackElo "2468"]
[EventDate "2011.04.23"]

1. e4 c5 2. Nf3 d6 3. d4 cxd4 4. Nxd4 Nf6 5. Nc3 a6 6. Bg5 Nbd7 7. Bc4 Qb6
8. Bb3 e6 9. Qd2 Be7 10. O-O-O Nc5 11. Rhe1 Qc7 12. Kb1 O-O 13. f4 h6 14.
h4 b5 15. Bxf6 Bxf6 16. g4 b4 17. Na4 Bxh4 18. Rh1 Be7 19. g5 Nxe4 20. Qg2
Bb7 21. Qg1 Kh7 22. g6+ fxg6 23. Nxe6 Qa5 24. Nb6 Rae8 25. Bd5 Rb8 26. Qd4
Nf6 27. Bxb7 Rxb7 28. Nc4 Qb5 29. Nxf8+ Bxf8 30. Rhe1 Qh5 31. Nb6 a5 32. b3
Qf5 33. Nd5 Nxd5 34. Qxd5 Rb5 35. Qxf5 Rxf5 36. Rd4 h5 37. a3 bxa3 38. Ka2
g5 39. fxg5 Kg6 40. c4 Kxg5 41. Kxa3 d5+ 42. Ka4 dxc4 43. bxc4 Bb4 44. Red1
Kf6 45. Rd5 g5 46. Kb5 Ke6 47. Rxf5 Kxf5 48. c5 Bxc5 49. Kxc5 Ke4 50. Re1+
Kf3 51. Rf1+ Ke4 52. Re1+ Kf3 53. Kd4 h4 54. Kd3 h3 55. Re3+ Kg2 56. Re2+
Kg3 57. Re3+ Kg4 58. Re4+ Kf3 59. Re3+ Kg2 60. Re2+ Kg1 61. Re1+ Kf2 62.
Re2+ Kf3 63. Re3+ Kg4 64. Re4+ Kg3 65. Re3+ Kh4 66. Re1 h2 67. Ke3 Kg3 68.
Ra1 g4 69. Ke4 Kg2 70. Ra2+ Kh3 71. Ra1 g3 72. Kf3 a4 73. Rc1 a3 74. Rd1 a2
75. Kf4 g2 76. Rd3+ Kh4 77. Rd7 Kh5 78. Rh7+ Kg6 79. Rxh2 g1=Q 80. Rxa2
Qd4+ 81. Kg3 Qd6+ 82. Kh4 Qb4+ 0-1

[Event "Nakhchivan Open"]
[Site "Nakhchivan AZE"]
[Date "2011.04.29"]
[Round "7"]
[White "Benidze,D"]
[Black "Aleksandrov,A"]
[Result "1-0"]
[WhiteElo "2503"]
[BlackElo "2638"]
[EventDate "2011.04.23"]

1. d4 Nf6 2. c4 e6 3. Nf3 d5 4. g3 dxc4 5. Qa4+ c6 6. Qxc4 b5 7. Qc2 Bb7 8.
Bg2 Nbd7 9. Nc3 Rc8 10. O-O a6 11. Ne5 Qb6 12. Be3 c5 13. Nxd7 Nxd7 14.
dxc5 Bxc5 15. Bxb7 Qxb7 16. Ne4 Be7 17. Qd3 Ne5 18. Qd4 f6 19. Nd6+ Bxd6
20. Qxd6 Kf7 21. Rfd1 Rc2 22. Rac1 Rhc8 23. Bf4 Rxc1 24. Rxc1 Rxc1+ 25.
Bxc1 Qc6 26. Qd1 h5 27. Bf4 Ng6 28. Be3 Qe4 29. Qd7+ Kg8 30. Qc8+ Kh7 31.
Qxa6 Qb1+ 32. Kg2 Qe4+ 33. Kg1 h4 34. h3 Qb1+ 35. Kg2 Qe4+ 36. Kg1 hxg3 37.
Qxb5 f5 38. Qd3 Qh4 39. Kg2 gxf2 40. Bxf2 Qg5+ 41. Kh2 Qf4+ 42. Bg3 Qa4 43.
a3 Kh6 44. Qe3+ f4 45. b3 Qxa3 46. Bxf4+ Nxf4 47. Qxf4+ Kg6 48. b4 Qb2 49.
Kg3 Qb3+ 50. Kg2 Qb2 51. Kf2 Kh7 52. Qh4+ Kg8 53. Qd8+ Kf7 54. Qd7+ Kf8 55.
b5 Qf6+ 56. Ke3 Qh6+ 57. Ke4 Qxh3 58. Qc8+ Kf7 59. Qc7+ Kg8 60. b6 Qf5+ 61.
Kd4 Qd5+ 62. Kc3 Qa5+ 63. Kc4 Kh7 64. Qc6 Qa2+ 65. Kd4 Qa1+ 66. Qc3 Qg1+
67. Qe3 Qa1+ 68. Kc5 Qa5+ 69. Kc6 Qd5+ 70. Kc7 Qc4+ 71. Kb8 Qc6 72. Qd3+
Kh6 73. Qd2+ g5 74. b7 Kh5 75. Qd4 g4 76. Ka7 Qc7 77. Qb6 Qd7 78. Ka6 Kh4
79. b8=Q Qa4+ 80. Kb7 Qe4+ 81. Qc6 Qb4+ 82. Kc7 Qe7+ 83. Qd7 Qc5+ 84. Kd8
Qf8+ 85. Qe8 Qf2 1-0

[Event "Nakhchivan Open"]
[Site "Nakhchivan AZE"]
[Date "2011.04.29"]
[Round "7"]
[White "Turov,M"]
[Black "Volkov,Sergey1"]
[Result "1/2-1/2"]
[WhiteElo "2635"]
[BlackElo "2621"]
[EventDate "2011.04.23"]

1. e4 e6 2. d4 d5 3. Nd2 Nf6 4. e5 Nfd7 5. Bd3 c5 6. c3 Nc6 7. Ne2 cxd4 8.
cxd4 f6 9. exf6 Nxf6 10. Nf3 Bd6 11. O-O O-O 12. Bf4 Bxf4 13. Nxf4 Ne4 14.
g3 Qf6 15. h4 h6 16. Kg2 Bd7 17. Bb5 Nb8 18. Bd3 Nc6 19. Bb5 Nb8 20. Bd3
1/2-1/2

[Event "Nakhchivan Open"]
[Site "Nakhchivan AZE"]
[Date "2011.04.29"]
[Round "7"]
[White "Almasi,Z"]
[Black "Guseinov,G"]
[Result "1-0"]
[WhiteElo "2719"]
[BlackElo "2584"]
[EventDate "2011.04.23"]

1. e4 c5 2. Nf3 g6 3. d4 cxd4 4. Nxd4 Nc6 5. c4 Nf6 6. Nc3 Nxd4 7. Qxd4 Bg7
8. e5 Ng8 9. Bf4 d6 10. O-O-O Bg4 11. c5 Bxd1 12. Bb5+ Kf8 13. Rxd1 d5 14.
Nxd5 e6 15. Nc3 Qxd4 16. Rxd4 Rc8 17. Rd7 g5 18. Bxg5 a6 19. c6 axb5 20.
cxb7 Rb8 21. f4 Bh6 22. Bxh6+ Nxh6 23. Nxb5 Ke8 24. Rc7 Kd8 25. a4 Nf5 26.
Rxf7 Ke8 27. Rc7 Kd8 28. a5 Nd4 29. Rc8+ Rxc8+ 30. bxc8=Q+ 1-0

[Event "Nakhchivan Open"]
[Site "Nakhchivan AZE"]
[Date "2011.04.29"]
[Round "7"]
[White "Safarli,E"]
[Black "Landa,K"]
[Result "1-0"]
[WhiteElo "2628"]
[BlackElo "2609"]
[EventDate "2011.04.23"]

1. e4 e6 2. d4 d5 3. Nc3 Nf6 4. Bg5 dxe4 5. Nxe4 Be7 6. Bxf6 gxf6 7. Nf3 f5
8. Nc3 a6 9. Qe2 b5 10. O-O-O b4 11. Na4 Qd5 12. Qc4 Qxc4 13. Bxc4 Nd7 14.
Rhe1 Nf6 15. d5 Ne4 16. dxe6 fxe6 17. Re2 Bd7 18. Rxd7 Kxd7 19. Ne5+ Ke8
20. Bxe6 Bg5+ 21. Kb1 Rd8 22. Nd3 Kf8 23. Bxf5 Nd6 24. Be6 Kg7 25. f4 Bf6
26. Nxb4 Nb5 27. c3 a5 28. Nd5 Rhe8 29. Nxf6 Kxf6 30. f5 Nd6 31. g4 h5 32.
h3 Kg5 33. Nc5 hxg4 34. hxg4 Kxg4 35. f6+ Kf3 36. Rh2 Ne4 37. f7 Nxc5 38.
fxe8=Q Rxe8 39. Bc4 Re1+ 40. Kc2 Rg1 41. b4 axb4 42. cxb4 Ne4 43. Bd5 Ke3
44. Bxe4 Kxe4 45. Rh5 Rg2+ 46. Kb3 Rg3+ 47. Kc4 Ra3 48. Ra5 Rg3 49. Rc5 Ra3
50. Rxc7 Ke5 51. Re7+ Kd6 52. Re2 Kc7 53. b5 Ra4+ 54. Kb3 Rh4 55. a4 Kb7
56. Rc2 Rh3+ 57. Kb4 Rh4+ 58. Rc4 Rh1 59. Rg4 Rb1+ 60. Ka5 1-0

[Event "Nakhchivan Open"]
[Site "Nakhchivan AZE"]
[Date "2011.04.29"]
[Round "7"]
[White "Rasulov,Vu"]
[Black "Filippov,An UZB"]
[Result "0-1"]
[WhiteElo "2499"]
[BlackElo "2604"]
[EventDate "2011.04.23"]

1. e4 e5 2. Nf3 Nc6 3. Bb5 a6 4. Ba4 Nf6 5. O-O Be7 6. Re1 b5 7. Bb3 d6 8.
c3 O-O 9. h3 Na5 10. Bc2 c5 11. d4 Qc7 12. Nbd2 Be6 13. d5 Bd7 14. b3 g6
15. Nf1 Nh5 16. Bh6 Ng7 17. g4 c4 18. b4 Nb7 19. Ng3 a5 20. a3 Ra6 21. Kh2
Rfa8 22. Rc1 axb4 23. axb4 Nd8 24. Rg1 f6 25. Nd2 Nf7 26. Be3 Ra3 27. Bb1
Bd8 28. Rg2 Qb7 29. Qf3 Ne8 30. h4 Bb6 31. Ngf1 Bd4 32. g5 fxg5 33. Bxg5
Nxg5 34. Rxg5 Ng7 35. Ng3 Rf8 36. Nf5 Kh8 37. Qg3 Rxc3 38. Rxc3 Bxc3 39.
Qxc3 gxf5 40. Qg3 f4 41. Qg2 Be8 42. Qh3 Qe7 43. Bc2 h6 44. Rg2 Bd7 45. Qa3
Qxh4+ 46. Kg1 Bh3 47. Nf3 Qh5 48. Rh2 Rg8 49. Kh1 Ne8 50. Nh4 Qg4 0-1

[Event "Nakhchivan Open"]
[Site "Nakhchivan AZE"]
[Date "2011.04.29"]
[Round "7"]
[White "Miroshnichenko,E"]
[Black "Iskandarov,M"]
[Result "1/2-1/2"]
[WhiteElo "2670"]
[BlackElo "2235"]
[EventDate "2011.04.23"]

1. Nf3 g6 2. d4 Bg7 3. e4 d6 4. c4 Nf6 5. Nc3 O-O 6. Be2 e5 7. Be3 exd4 8.
Nxd4 Re8 9. f3 Nc6 10. Qd2 Nh5 11. O-O-O Nf4 12. Nxc6 Nxe2+ 13. Nxe2 bxc6
14. Bd4 Bxd4 15. Nxd4 c5 16. Nc2 f5 17. Rhe1 fxe4 18. Rxe4 Rxe4 19. Qd5+
Re6 20. Qxa8 Qg5+ 21. Rd2 Re8 22. g3 Qf5 23. f4 Qe4 24. Qxe4 Rxe4 25. b3
Kf7 26. Rf2 h5 27. Kd2 Bf5 28. Ne3 c6 29. Re2 d5 30. Re1 a5 31. cxd5 cxd5
32. Rc1 Rd4+ 33. Ke1 Re4 34. Kf2 Rd4 35. Nxf5 gxf5 36. Rxc5 Rd2+ 37. Ke3
Rxa2 38. Rxd5 Ke6 39. Re5+ Kf6 40. Kd4 Rxh2 41. Rxa5 Rh3 42. Ra6+ Kg7 43.
b4 Rxg3 44. b5 h4 45. b6 Rb3 46. Kc5 h3 47. Kc6 h2 48. Ra1 Kg6 49. Rh1 Rb2
50. b7 Rc2+ 51. Kb6 Rb2+ 52. Kc7 Rc2+ 53. Kb6 Rb2+ 54. Ka7 Ra2+ 55. Kb8 Rb2
56. Kc7 1/2-1/2

[Event "Nakhchivan Open"]
[Site "Nakhchivan AZE"]
[Date "2011.04.29"]
[Round "7"]
[White "Ibrahimov,R"]
[Black "Mchedlishvili,M"]
[Result "1-0"]
[WhiteElo "2526"]
[BlackElo "2629"]
[EventDate "2011.04.23"]

1. Nf3 d5 2. d4 Nf6 3. c4 c6 4. Nc3 dxc4 5. a4 Bf5 6. Ne5 Nbd7 7. Nxc4 Qc7
8. g3 e5 9. dxe5 Nxe5 10. Bf4 Nfd7 11. Bg2 f6 12. O-O Nc5 13. Ne3 Bg6 14.
b4 Ne6 15. b5 Rd8 16. Qb3 Nd4 17. Qb2 Bc5 18. Rac1 Qe7 19. bxc6 bxc6 20.
Bxe5 Ba3 21. Qxa3 Qxa3 22. Bxd4 Rxd4 23. Bxc6+ Kf8 24. Nb5 Qxa4 25. Nxd4
Qxd4 26. Rfd1 Qb6 27. Bf3 Qb8 28. Rd7 Be8 29. Rb7 Qd8 30. Rxa7 g6 31. Ra8
Qe7 32. Rb1 Qd6 33. Rb7 h5 34. Bd5 1-0

[Event "Nakhchivan Open"]
[Site "Nakhchivan AZE"]
[Date "2011.04.29"]
[Round "7"]
[White "Sokolov,Ivan"]
[Black "Ipatov,A ESP"]
[Result "1/2-1/2"]
[WhiteElo "2643"]
[BlackElo "2514"]
[EventDate "2011.04.23"]

1. d4 d5 2. c4 c6 3. Nc3 Nf6 4. e3 Bf5 5. cxd5 Nxd5 6. Nf3 e6 7. Bc4 Nd7 8.
O-O Be7 9. Re1 N5b6 10. Bb3 O-O 11. e4 Bg4 12. h3 Bxf3 13. Qxf3 c5 14. Be3
cxd4 15. Bxd4 Bc5 16. Rad1 Bxd4 17. Rxd4 Ne5 18. Qe3 Qe7 19. Nb5 a6 20. Nd6
Nc8 21. Nc4 Nxc4 22. Bxc4 Nb6 23. Bb3 Rac8 24. e5 Rc5 25. Red1 Qc7 26. Rd6
Nc4 27. Bxc4 Rxc4 28. Rd7 Qc5 29. Qf3 Rc1 30. Qxb7 Qc2 31. Qb3 Qxb3 32.
axb3 Rc5 33. f4 g5 34. g3 Kg7 35. fxg5 Rxe5 36. h4 h6 37. gxh6+ Kxh6 38.
Kf2 Rf5+ 39. Kg2 Rb8 40. R1d3 Kg6 41. Rc7 a5 42. g4 Rf4 43. Kh3 Rbb4 44.
Rg3 Rf2 45. h5+ Kh6 46. Ra7 Rb5 47. Rd3 f5 48. gxf5 Rfxf5 49. Ra6 1/2-1/2

[Event "Nakhchivan Open"]
[Site "Nakhchivan AZE"]
[Date "2011.04.29"]
[Round "7"]
[White "Gagunashvili,M"]
[Black "Abbasov,F"]
[Result "1-0"]
[WhiteElo "2599"]
[BlackElo "2543"]
[EventDate "2011.04.23"]

1. d4 d5 2. c4 e5 3. dxe5 d4 4. Nf3 Nc6 5. g3 Nge7 6. Nbd2 Be6 7. Bg2 Qd7
8. O-O O-O-O 9. b4 Ng6 10. Qa4 Kb8 11. b5 Ncxe5 12. Nb3 Bxc4 13. Nfxd4 Bd5
14. Bxd5 Qxd5 15. Be3 Qc4 16. Nc6+ bxc6 17. Qxa7+ Kc8 18. b6 Kd7 19. Rad1+
Bd6 20. bxc7 Ke6 21. cxd8=Q Rxd8 22. Bg5 1-0

[Event "Nakhchivan Open"]
[Site "Nakhchivan AZE"]
[Date "2011.04.30"]
[Round "8"]
[White "Guliev,L"]
[Black "Miroshnichenko,E"]
[Result "1-0"]
[WhiteElo "2468"]
[BlackElo "2670"]
[EventDate "2011.04.23"]

1. e4 c5 2. Nf3 d6 3. d4 cxd4 4. Nxd4 Nf6 5. Nc3 a6 6. Be2 g6 7. g4 b5 8.
g5 Nfd7 9. f4 Bb7 10. Bf3 e5 11. Nb3 exf4 12. Bxf4 Nc6 13. Qd2 Nce5 14. Be2
Rc8 15. O-O-O Qc7 16. a3 Nb6 17. Na5 Ba8 18. h4 Nbd7 19. Nd5 Bxd5 20. exd5
h5 21. gxh6 Bxh6 22. Bxh6 Rxh6 23. Nc6 Rh7 24. h5 Nxc6 25. dxc6 Qxc6 26.
Bf3 Qxf3 27. Qxd6 Qc6 28. Rhe1+ Kd8 29. Qe7+ Kc7 30. hxg6 Rh2 31. c3 Rd8
32. gxf7 Qh6+ 33. Kb1 Rd2 34. Ka2 Qh2 35. Qb4 Rf8 36. c4 Rxd1 37. Rxd1 Qf4
38. Qe7 Qxc4+ 39. Kb1 Qg4 40. Qd6+ Kc8 41. Qxa6+ Kd8 42. Qf6+ Kc7 43. Rc1+
Kb7 44. Qc6+ Ka7 45. Qc7+ Ka8 46. Qa5+ Kb8 47. Qxb5+ Ka8 48. Rc6 Qg1+ 49.
Ka2 1-0

[Event "Nakhchivan Open"]
[Site "Nakhchivan AZE"]
[Date "2011.04.30"]
[Round "8"]
[White "Filippov,An UZB"]
[Black "Durarbeyli,V"]
[Result "1/2-1/2"]
[WhiteElo "2604"]
[BlackElo "2510"]
[EventDate "2011.04.23"]

1. d4 Nf6 2. c4 e6 3. Nc3 c5 4. d5 exd5 5. cxd5 d6 6. Nf3 a6 7. a4 g6 8.
Bf4 Bg7 9. e3 O-O 10. Be2 Qe7 11. O-O Nbd7 12. h3 Rb8 13. Qb3 Ne8 14. Nd2
Ne5 15. a5 Qc7 16. Qc2 Bf5 17. e4 Bc8 18. Be3 b5 19. axb6 Rxb6 20. f4 Nd7
21. Kh1 Rb4 22. Bxa6 Bxa6 23. Rxa6 Qb7 24. Ra2 Nc7 25. f5 Nb5 26. Nxb5 Qxb5
27. Bf4 Be5 28. Bh6 Re8 29. Qd1 1/2-1/2

[Event "Nakhchivan Open"]
[Site "Nakhchivan AZE"]
[Date "2011.04.30"]
[Round "8"]
[White "Korobov,A"]
[Black "Ibrahimov,R"]
[Result "1-0"]
[WhiteElo "2647"]
[BlackElo "2526"]
[EventDate "2011.04.23"]

1. d4 d5 2. c4 c6 3. Nc3 Nf6 4. Nf3 dxc4 5. a4 Bf5 6. Ne5 e6 7. f3 Bb4 8.
g4 Nd5 9. Qd2 Qh4+ 10. Kd1 Bg6 11. e4 Nb6 12. Qg5 Qxg5 13. Bxg5 a5 14. Be3
N8d7 15. h4 f6 16. Nxc4 Nxc4 17. Bxc4 Bf7 18. Ke2 h6 19. Rad1 Ke7 20. f4
Rad8 21. h5 e5 22. Bxf7 Kxf7 23. fxe5 fxe5 24. Rhf1+ Ke6 25. d5+ Ke7 26. g5
Rdf8 27. Rxf8 Nxf8 28. Rg1 Kd6 29. gxh6 gxh6 30. dxc6 bxc6 31. Na2 Bc5 32.
Rd1+ Bd4 33. Bxd4 exd4 34. Rxd4+ Ke5 35. Rd8 Kxe4 36. Nc1 Ng6 37. Rxh8 Nxh8
38. b4 Kd5 39. bxa5 c5 40. Nd3 Nf7 41. a6 Kc6 42. Nxc5 Kb6 43. a5+ Ka7 44.
Ke3 Nd6 45. Kf4 1-0

[Event "Nakhchivan Open"]
[Site "Nakhchivan AZE"]
[Date "2011.04.30"]
[Round "8"]
[White "Mchedlishvili,M"]
[Black "Abdulov,Or"]
[Result "1-0"]
[WhiteElo "2629"]
[BlackElo "2327"]
[EventDate "2011.04.23"]

1. d4 d5 2. Nf3 Nf6 3. c4 c6 4. Nc3 dxc4 5. e3 b5 6. a4 b4 7. Nb1 Bg4 8.
Bxc4 Nbd7 9. Nbd2 e6 10. a5 Be7 11. Qa4 Qc7 12. b3 Nd5 13. Bb2 Nc3 14. Bxc3
bxc3 15. Ne4 Rb8 16. O-O Bxf3 17. gxf3 Bb4 18. Rfc1 O-O 19. Nxc3 e5 20. Ne2
Qd6 21. Rd1 Qg6+ 22. Ng3 exd4 23. Rxd4 Ne5 24. Rf4 c5 25. Rd1 Qc2 26. Qa1
Nxc4 27. bxc4 Bxa5 28. Ne4 Kh8 29. Kg2 f5 30. Rd7 Qb2 31. Qxb2 Rxb2 32.
Rxa7 Bd8 33. Nxc5 g5 34. Rd4 Bb6 35. Rb7 f4 36. Rdd7 Bxc5 37. Rxh7+ 1-0

[Event "Nakhchivan Open"]
[Site "Nakhchivan AZE"]
[Date "2011.04.30"]
[Round "8"]
[White "Bajarani,U"]
[Black "Landa,K"]
[Result "0-1"]
[WhiteElo "2437"]
[BlackElo "2609"]
[EventDate "2011.04.23"]

1. e4 c5 2. Nf3 e6 3. d4 cxd4 4. Nxd4 a6 5. Nc3 Qc7 6. Be2 b5 7. O-O Bb7 8.
Re1 Nc6 9. Nxc6 dxc6 10. e5 Rd8 11. Bd3 c5 12. Qg4 Ne7 13. Bg5 Rd4 14. Qg3
Ng6 15. a4 b4 16. Ne2 Rd7 17. b3 Be7 18. Bxe7 Nxe7 19. Nf4 Ng6 20. Re3 Qd8
21. Ne2 O-O 22. Re1 Qe7 23. Nf4 Nxf4 24. Qxf4 Rd4 25. Qg3 a5 26. f4 Bd5 27.
Qf2 g6 28. Rh3 Rd8 29. Qe3 Qf8 30. f5 exf5 31. Bxf5 Re8 32. Bd3 Qg7 33. Qe2
f6 34. Re3 fxe5 35. Be4 Bxe4 36. Rxe4 Rxe4 37. Qxe4 Qf7 38. Qc6 Qe7 39. Qb5
Rf8 40. Rf1 Qd6 41. Rxf8+ Kxf8 42. Qxa5 Qd4+ 43. Kf1 Qd1+ 44. Kf2 Qxc2+ 45.
Ke1 Qc1+ 46. Ke2 Qc2+ 47. Ke1 Qe4+ 48. Kf1 Qd3+ 49. Kf2 Qd4+ 50. Ke2 e4 51.
Qb5 Qb2+ 52. Ke1 Qb1+ 53. Ke2 Qc2+ 54. Ke1 Ke7 55. Qb7+ Kf6 56. Qc6+ Ke5
57. Qc7+ Kd4 58. a5 Qc1+ 59. Ke2 Qb2+ 60. Ke1 Qa1+ 61. Ke2 Qa2+ 62. Ke1
Qa1+ 63. Ke2 Qb2+ 64. Ke1 Qc1+ 65. Ke2 Qc2+ 66. Ke1 Qxb3 67. Qg7+ Ke3 68.
Qh6+ Kd3 69. Qd2+ Kc4 70. a6 Qa3 71. Qe2+ Kd5 72. Qb5 b3 73. Qd7+ Kc4 74.
Qe6+ Kc3 75. Qe5+ Kd3 76. Qd5+ Kc3 77. Qe5+ Kc2 78. Qxe4+ Kb2 79. Qb7 Kc1
80. a7 b2 81. a8=Q Qxa8 82. Qxa8 b1=Q 83. Qd5 Qc2 84. Qe5 Kb1 85. Qb8+ Qb2
86. Qc7 Qc3+ 87. Kd1 Qd4+ 88. Ke2 c4 89. Qxh7 Qd3+ 90. Ke1 c3 91. Qb7+ Kc1
92. Qa7 Qe4+ 93. Kf2 c2 94. Qa1+ Kd2 95. Qa5+ Kd1 96. Qd8+ Kc1 97. Qg5+ Kb2
98. Qb5+ Ka2 99. Qa5+ Kb3 100. Qb6+ Qb4 101. Qe6+ Ka3 102. Qa6+ Kb2 103.
Qf6+ Ka2 104. Qa6+ Kb2 105. Qf6+ Kb1 106. Qxg6 Qd4+ 107. Ke2 Kb2 0-1

[Event "Nakhchivan Open"]
[Site "Nakhchivan AZE"]
[Date "2011.04.30"]
[Round "8"]
[White "Ipatov,A ESP"]
[Black "Benidze,D"]
[Result "1-0"]
[WhiteElo "2514"]
[BlackElo "2503"]
[EventDate "2011.04.23"]

1. d4 Nf6 2. c4 e6 3. Nf3 Bb4+ 4. Nbd2 b6 5. a3 Bxd2+ 6. Qxd2 Bb7 7. e3 d6
8. Be2 O-O 9. b4 Nbd7 10. Bb2 Qe7 11. O-O Ne4 12. Qd3 f5 13. Nd2 Qh4 14. f3
Nxd2 15. Qxd2 Nf6 16. a4 a5 17. bxa5 Rxa5 18. Bc3 Ra7 19. a5 bxa5 20. Rxa5
Rfa8 21. Rfa1 Rxa5 22. Rxa5 Rxa5 23. Bxa5 Ne8 24. Qb2 Bc6 25. Qb3 Qf6 26.
Bxc7 Nxc7 27. Qb6 Qg5 28. Kf2 f4 29. e4 Qf6 30. e5 Qd8 31. Qxc6 dxe5 32. d5
exd5 33. cxd5 Ne8 34. Qe6+ Kf8 35. Qxe5 Qb6+ 36. Kf1 Qb1+ 37. Kf2 Qb6+ 38.
Ke1 Qb4+ 39. Kd1 Qb3+ 40. Kc1 Qa3+ 41. Kb1 Qb3+ 42. Kc1 Qa3+ 43. Kd1 Qa4+
44. Kd2 Qa5+ 45. Kd3 Qa6+ 46. Kd4 Qa7+ 47. Kc4 Qa6+ 48. Kb4 Qb6+ 49. Ka4
Qa7+ 50. Kb5 Qb7+ 51. Kc5 Qa7+ 52. Kc6 Qa8+ 53. Kb6 Qd8+ 54. Kb5 Qd7+ 55.
Kb4 Nf6 56. d6 Qb7+ 57. Bb5 Kf7 58. Kc3 Qc8+ 59. Kd4 Qc1 60. Be8+ Kg8 61.
Qe6+ Kh8 62. Bb5 h5 63. d7 Qd2+ 64. Kc5 Kh7 65. Qd6 Nxd7+ 66. Qxd7 Qxg2 67.
Bd3+ Kh6 68. Qd6+ g6 69. Bxg6 Qf2+ 70. Kc6 Kg5 71. Qc5+ Qxc5+ 72. Kxc5 Kxg6
73. h4 Kf6 74. Kd6 Kf5 75. Kd5 Kf6 76. Ke4 Ke6 77. Kxf4 Kf6 78. Ke4 Ke6 79.
f4 Kf6 80. f5 1-0

[Event "Nakhchivan Open"]
[Site "Nakhchivan AZE"]
[Date "2011.04.30"]
[Round "8"]
[White "Volkov,Sergey1"]
[Black "Sokolov,Ivan"]
[Result "0-1"]
[WhiteElo "2621"]
[BlackElo "2643"]
[EventDate "2011.04.23"]

1. d4 d5 2. c4 c6 3. Nf3 Nf6 4. e3 Bg4 5. Nc3 e6 6. Qb3 Qc7 7. Bd2 Nbd7 8.
Rc1 Rc8 9. Nh4 dxc4 10. Bxc4 Nb6 11. Bd3 Be7 12. h3 Bh5 13. g4 Bg6 14. Nxg6
hxg6 15. g5 Nfd7 16. Ne4 Nd5 17. h4 a6 18. Ke2 Qb8 19. a3 e5 20. dxe5 Nxe5
21. Bb1 b5 22. Ba2 Rd8 23. Ba5 Qc8 24. Bxd8 Qg4+ 25. Kd2 Qxe4 26. Bxe7 Nf3+
27. Kd1 Kxe7 28. Rxc6 Ne5 29. Qxd5 Rd8 30. Rc7+ Ke8 31. Kc1 Rxd5 32. Bxd5
Nd3+ 33. Kb1 Qxd5 34. Rd1 b4 35. axb4 Qb3 36. Rd2 Nxb4 37. Rc8+ Ke7 38.
Rc7+ Ke6 39. Rd8 Qa2+ 40. Kc1 Qa1+ 41. Kd2 Qxb2+ 42. Ke1 Nc2+ 43. Kd1 Qb1+
44. Kd2 Nb4 45. Ke2 a5 46. Rd4 Qf5 47. Kf1 Qb5+ 48. Kg1 Nd5 49. Ra7 Qb1+
50. Kg2 Qb6 51. Ra8 Nxe3+ 0-1

[Event "Nakhchivan Open"]
[Site "Nakhchivan AZE"]
[Date "2011.04.30"]
[Round "8"]
[White "Iskandarov,M"]
[Black "Fedorchuk,S"]
[Result "1-0"]
[WhiteElo "2235"]
[BlackElo "2662"]
[EventDate "2011.04.23"]

1. e4 c5 2. Nf3 d6 3. d4 Nf6 4. Nc3 cxd4 5. Qxd4 a6 6. e5 Nc6 7. Qa4 dxe5
8. Nxe5 Bd7 9. Nxd7 Qxd7 10. Be3 e6 11. Rd1 Qc8 12. Be2 Bb4 13. a3 b5 14.
Qb3 Be7 15. O-O O-O 16. Bf3 Rb8 17. Ne4 Nd5 18. Bg5 Ne5 19. Bxe7 Nxe7 20.
Be2 Qc6 21. Qe3 Nf5 22. Qf4 Ng6 23. Qf3 Qxc2 24. Rd2 Qc7 25. Rfd1 Qe5 26.
g3 Nfe7 27. b4 Nd5 28. Nc5 Qd6 29. Qb3 a5 30. f4 Nge7 31. Bf3 axb4 32. axb4
g6 33. Kh1 Rfd8 34. Qb2 Qb6 35. Qe5 Nc6 36. Qg5 Ncxb4 37. Ne4 Kg7 38. Qe5+
f6 39. Qb2 Qe3 40. Bg2 Rbc8 41. h3 Rf8 42. Re2 Qb6 43. Ng5 Rce8 44. Ne4 Ra8
45. Ng5 Rae8 46. Ne4 Kf7 47. Rd4 Nc6 48. Nd6+ Kg8 49. Rxd5 exd5 50. Rxe8
Nd4 51. Bxd5+ Kg7 52. Qb4 Nc2 53. Nf5+ 1-0

[Event "Nakhchivan Open"]
[Site "Nakhchivan AZE"]
[Date "2011.05.01"]
[Round "9"]
[White "Benidze,D"]
[Black "Volkov,Sergey1"]
[Result "1/2-1/2"]
[WhiteElo "2503"]
[BlackElo "2621"]
[EventDate "2011.04.23"]

1. d4 d5 2. c4 c6 3. Nf3 Nf6 4. e3 Bf5 5. Nc3 e6 6. Nh4 Bg6 7. Qb3 Qb6 8.
Nxg6 hxg6 9. Bd2 Nbd7 10. Be2 Be7 11. Rc1 a6 12. h3 O-O 13. O-O Qa7 14. a4
a5 15. Qc2 Rad8 16. Rfd1 Rfe8 17. Na2 Ne4 18. Be1 Bf8 19. b4 axb4 20. Nxb4
Nd6 21. a5 Nxc4 22. Bxc4 dxc4 23. Qxc4 c5 24. dxc5 Nxc5 25. Nd3 Qa6 26.
Qxa6 Nxa6 27. Ne5 Nc5 28. Rb1 g5 29. Bb4 Rxd1+ 30. Rxd1 Nb3 31. Be1 Rc8 32.
Kf1 f6 33. Nd7 Rc1 34. Rxc1 Nxc1 35. Nxf8 Kxf8 36. Bd2 Nd3 37. Ke2 Ne5 38.
Bc3 Nd7 39. Kd3 Ke7 40. Bb4+ Kf7 41. Kc4 Ke8 42. Bd6 Kf7 43. e4 Kg6 44. f3
Kf7 45. Kb5 e5 46. Bb4 Ke6 47. Ba3 Kf7 48. a6 bxa6+ 49. Kxa6 g6 50. Kb5 f5
51. exf5 gxf5 52. Bc1 f4 53. Kc4 Ke6 54. Kd3 Nf6 55. Ba3 Kf5 56. Be7 Nd5
57. Bc5 Ke6 58. Bf2 Nf6 59. Bb6 Kf5 60. Ke2 Nd5 61. Bc5 Ke6 62. Bf2 Nf6 63.
Bb6 Kf5 64. Bc5 Nh5 65. Be7 Ng7 66. Kd3 Nh5 67. Ke2 Nf6 68. Bc5 Ne8 69. Bf2
Ng7 70. g4+ fxg3 71. Bxg3 Nh5 72. Kf2 Ke6 73. h4 Nxg3 74. Kxg3 gxh4+ 75.
Kxh4 Kf5 76. Kg3 Kg5 77. Kg2 Kf4 78. Kf2 e4 79. fxe4 Kxe4 1/2-1/2

[Event "Nakhchivan Open"]
[Site "Nakhchivan AZE"]
[Date "2011.05.01"]
[Round "9"]
[White "Landa,K"]
[Black "Iskandarov,M"]
[Result "1-0"]
[WhiteElo "2609"]
[BlackElo "2235"]
[EventDate "2011.04.23"]

1. e4 g6 2. d4 Bg7 3. Nc3 d6 4. Be3 Nf6 5. Qd2 Nbd7 6. Bh6 Bxh6 7. Qxh6 c6
8. Nf3 b5 9. Bd3 e5 10. O-O Ng4 11. Qd2 O-O 12. h3 Ngf6 13. Ne2 c5 14. c3
Rb8 15. Ng3 Qb6 16. d5 c4 17. Bc2 b4 18. Qh6 Nc5 19. Ng5 b3 20. Bb1 bxa2
21. Rxa2 Nb3 22. Bc2 Nd2 23. Rd1 Nb3 24. Re1 Re8 25. Re3 Nd2 26. Nh5 gxh5
27. Rg3 1-0

[Event "Nakhchivan Open"]
[Site "Nakhchivan AZE"]
[Date "2011.05.01"]
[Round "9"]
[White "Gagunashvili,M"]
[Black "Ipatov,A ESP"]
[Result "0-1"]
[WhiteElo "2599"]
[BlackElo "2514"]
[EventDate "2011.04.23"]

1. d4 d5 2. Nf3 Nf6 3. c4 c6 4. e3 Bf5 5. Nc3 e6 6. Nh4 Be4 7. f3 Bg6 8.
Qb3 Qb6 9. Nxg6 hxg6 10. Bd2 Nbd7 11. O-O-O Be7 12. Bd3 Rc8 13. Kb1 a6 14.
g4 dxc4 15. Bxc4 Qxb3 16. Bxb3 Rh3 17. Rdf1 c5 18. dxc5 Nxc5 19. Bc2 Rd8
20. Rf2 Nd3 21. Bxd3 Rxd3 22. Kc2 Rd8 23. Rd1 Nd7 24. Ne2 Ne5 25. Ng1 Rh7
26. Bc1 Rxd1 27. Kxd1 Nd3 28. Rc2 Nb4 29. Rc8+ Kd7 30. Rb8 Kc7 31. Re8 Bd6
32. h3 Kd7 33. Rg8 Nxa2 34. Bd2 Nb4 35. Bxb4 Bxb4 36. Ke2 g5 37. Kd3 Bd6
38. Ke4 g6 39. b3 Bh2 40. Ne2 Rxh3 41. Nd4 Bd6 42. Rg7 Ke7 43. Rg8 Rh2 44.
Ra8 e5 0-1